| LEADER |
01468nam0a2200205 450 |
| 001 |
16839547 |
| 010 |
|
|
|a 978-2-35584-875-9
|b br.
|d 23
|
| 100 |
|
|
|a 20220302d2022 u u0frey01 ba
|
| 101 |
1 |
|
|a fre
|c eng
|
| 102 |
|
|
|a FR
|
| 200 |
0 |
|
|a Etrange Traversée du Sardaam (L')
|f Stuart Turton
|g trad. Fabrice Pointeau
|
| 207 |
|
1 |
|a
|
| 210 |
|
|
|a Paris
|c Sonatine
|d 2022
|
| 215 |
|
|
|a 1 vol. ( 583 p.)
|d 22 cm
|
| 330 |
|
|
|a 1634. Le Saardam quitte les Indes néerlandaises pour Amsterdam. A son bord : le gouverneur de l'île de Batavia, sa femme et sa fille. Au fond de la cale, un prisonnier : le célèbre détective Samuel Pipps, victime d'une sombre affaire. Alors que la traversée s'avère difficile et périlleuse, les voyageurs doivent faire face à d'étranges événements. Un symbole tracé à la cendre apparaît sur la grand-voile, une voix terrifiante se fait entendre dans la nuit, et bientôt on retrouve un cadavre dans une cabine fermée de l'intérieur. Le bateau serait-il hanté, ses occupants maudits ? Aucune explication rationnelle ne semble possible. Et l'enquête s'avère particulièrement délicate, entre les superstitions des uns et les secrets des autres. Meurtre, complot et chaos gothique...
|
| 700 |
|
0 |
|a Turton
|b Stuart
|c Auteur du texte
|4 70
|
| 702 |
|
0 |
|a Pointeau
|b Fabrice
|c Traducteur
|4 730
|
| 900 |
|
|
|a Roman Policier
|
| 901 |
|
|
|a Accessible au prêt
|
| 995 |
|
|
|a Bibliothèque
|c Bibliothèque
|f 024022397
|h 024022397
|k RP TUR
|o p
|q a
|r az
|e Bibliothèque
|